000 00663nam a22002057a 4500
999 _c18667
_d18667
003 AR-CdUCM
008 190514b ||||| |||| 00| 0 spa d
040 _aMUNICIPALIDAD PROVINCIAL DEL CUSCO
_cBIBLIOTECA MUNICIPAL DEL CUSCO
082 _a869.56 /
_bS18
100 _aSalazar Bondy, Sebastián
_9906
245 _aComedias y juguetes /
260 _aLima :
_bFrancisco Moncloa Editores,
_c1967.
300 _a458 páginas ;
_c23 cm.
505 _aContenido: Juguetes -- Comedia -- El fabricante de deudas..
650 _aTeatro peruano
_92697
650 _aSiglo XX
_98
650 _aVargas Llosa
_939398
942 _2ddc
_cLIBROS
945 _adavv
_d2019-05-14